000 00619nam a2200181Ia 4500
008 100920s9999 xx 000 0 und d
082 _b99667
_a24 न 07
100 _aनायक श्रीकांत.
245 _aरणांगण 1947 ते कारगिल.
260 _bश्री स्वामी पब्लि. पुणे.
_c2007
300 _a396
_bसाधी
365 _b375
520 _aसायो.
630 _aरणांगण 1947 ते कारगिल.
650 _aसायो.
730 _aरणांगण 1947 ते कारगिल.
942 _cBOOK
999 _c740105
_d740102